LIBRARY & INFORMATION CENTRE, KCAET, TAVANUR

ONLINE PUBLIC ACCESS CATALOGUE (OPAC)

Kanthathayum vaidyuthiyum / (Record no. 6212)

MARC details
000 -LEADER
fixed length control field 00562cam a2200229ua 4500
041 ## - LANGUAGE CODE
Language code of text/sound track or separate title mal
082 ## - DEWEY DECIMAL CLASSIFICATION NUMBER
Classification number 537
Item number RAM/KA
100 ## - MAIN ENTRY--AUTHOR NAME
Personal name Rama Varma, .
245 ## - TITLE STATEMENT
Title Kanthathayum vaidyuthiyum /
250 ## - EDITION STATEMENT
Edition statement 1 /
260 ## - PUBLICATION, DISTRIBUTION, ETC. (IMPRINT)
Place of publication Thiruvananthapuram :
Name of publisher State Instititute of Languages ,
Year of publication 1974.
300 ## - PHYSICAL DESCRIPTION
Number of Pages 528 ; .
942 ## - ADDED ENTRY ELEMENTS (KOHA)
Koha item type Books
Holdings
Withdrawn status Lost status Damaged status Home library Current library Date acquired Full call number Accession Number Koha item type
      KAUAET KAUAET 07/04/2012 537 14333 Books
      KAUAET KAUAET 07/04/2012 537 14337 Books
Withdrawn     KAUAET KAUAET 07/04/2012 537 14335 Books
      KAUAET KAUAET 07/04/2012 537 14334 Books
      KAUAET KAUAET 07/04/2012 537 14336 Books
free website counter